Advertising taglines (UK) 2.0 - Statistics

General Stats
  • This quiz has been taken 22 times
  • The average score is 9 of 15
Answer Stats
Slogan Answer % Correct
Happiness is a cigar, called... Hamlet
100%
"All because the lady loves..." Milk Tray
100%
Made to make your mouth water Opal Fruits
95%
The future's bright, the future's... Orange
95%
Bang! And the dirt is gone! Cillit Bang
80%
Helps you breathe, more easily Tunes
80%
8 out of ten cats prefer it Whiskas
80%
They drink it in the Congo! Um Bongo
60%
As good today, as it's always been Hovis
50%
"Relieves tickly coughs, sore throats, runny nose... and so aids restful sleep." Night Nurse
50%
Keeps umpteen things clean! Mr Sheen
30%
"Hope it's chips, it's chips, we hope its chips it's chips..." Birds Eye
20%
You can't put a better bit of butter on your knife Country Life
15%
Naughty but nice! Fresh cream cakes
15%
If it's not.... Its not bitter! Boddies
10%
No matching quizzes found
Score Distribution
Percent of People with Each Score
Percentile by Number Answered
Your Score History
You have not taken this quiz